000 00447nam a22001577a 4500
003 SGT
020 _a9788174463753
082 _a338.7,BED
100 _aSURESH BEDI
245 _aBUSINESS ENVIRONMENT
260 _aNEW DELHI
_bEXCEL BOOKS
_c2004
300 _a648
650 _aECONOMICS ( BUSINESS ENTERPRISES)
653 _aNATURE AND STRUCTURE OF BUSINESS CYCLES, THE DYNAMICS OF INFLATION,THE OPERATION OF FISCAL POLICY
942 _2ddc
_cFCM
999 _c9419
_d9419